| 000 | 01437nam1a22002771i 4500 | ||
|---|---|---|---|
| 001 | rc\3717688 | ||
| 005 | 20260407142118.0 | ||
| 035 | _a(NLR Aleph) 007860373 | ||
| 090 |
_a7798791 _c7798791 |
||
| 100 | _a20130115g1974 |||y0rusy50 ca | ||
| 101 | 0 | _arus | |
| 102 | _aRU | ||
| 105 | _a z ||||| | ||
| 200 | 1 |
_aСтруктура, функционирование и эволюция системы биогеоценозов Барабы _dStructure, functioning and evolution of the Baraba biogeocenoses _fОтв. ред. д-р с.-х. наук, проф. Р.В. Ковалев _gАН СССР. Сиб. отд-ние. Ин-т почвоведения и агрохимии. Т. 1- |
|
| 210 |
_aНовосибирск _cНаука. Сиб. отд-ние _d1974- |
||
| 215 | _d22 | ||
| 300 | _aНа корешке загл.: Структура биогеоценозов Барабы | ||
| 510 | 0 |
_aStructure, functioning and evolution of the Baraba biogeocenoses _zrus |
|
| 516 | 0 | _aСтруктура биогеоценозов Барабы | |
| 606 |
_aБиогеоценозы _yБарабинская степь _2psbo |
||
| 702 | 1 |
_aКовалев _bР.В. _gРоман Викторович _4340 |
|
| 712 | 0 | 2 |
_aИнститут почвоведения и агрохимии _cНовосибирск _3RU\NLR\AUTH\8810011314 _9520334 |
| 801 | 0 |
_aRU _bNLR _gpsbo |
|
| 801 | 1 |
_aRU _bELAR _2rusmarc |
|
| 852 |
_aNLR _j74-5/2389 |
||
| 942 | _cBOOK | ||